00589nam a22002177a 450000500170000001000220001702000260003903500170006503500140008203500130009603700140010903700130012308200110013610000220014724500470016925000120021626000420022827000480027030000330031850000200035120230622155042.0 a1617EN ENG-116832 a9788131520444c925.00 aB-650692-700 aEN-100364 aB-667479 adpl bBSB bDBAD/PUB a624.17 aKassimali, Aslam  aStructural analysis/ cby Aslam Kassimali  a5th ed  aDelhibCengage Learningc2016 (repr.) a418,F.I.E.Patparganjb Delhi e110092l-m- axvii,813p. :c27cm(pbk)bill aIncludes index